[Event "Begonia op 47th"]
[Site "Ballarat"]
[Date "2013.03.09"]
[Round "1"]
[White "Barrow, Nigel"]
[Black "Wallis, Christopher"]
[Result "0-1"]
[WhiteElo "1951"]
[BlackElo "2261"]
[PlyCount "62"]
[EventDate "2013.03.09"]
[EventType "swiss"]
[EventRounds "7"]
[EventCountry "AUS"]
[SourceTitle "CBM 153 Extra"]
[Source "ChessBase"]
[SourceDate "2013.04.22"]
[SourceVersion "1"]
[SourceVersionDate "2013.04.22"]
[SourceQuality "1"]

1. e4 e6 2. d4 d5 3. Nd2 Nf6 4. e5 Nfd7 5. Bd3 c5 6. c3 Nc6 7. Ne2 cxd4 8. cxd4 f6 9. exf6 Nxf6 10. Nf3 Bd6 11. 0-0 Qc7 12. Bg5 0-0 13. Rc1 Qb6 14. b3 Bd7 15. Ng3 Rae8 16. Bb1 Kh8 17. Re1 Ng4 18. Qd3 g6 19. h3 Nxf2 20. Kxf2 Nxd4 21. Be3 Bxg3+ 22. Kxg3 Qd6+ 23. Kf2 Nxf3 24. Ke2 Nxe1 25. Rxe1 e5 26. Rf1 Rxf1 27. Kxf1 d4 28. Bf2 Qd5 29. Qg3 e4 30. Qh4 Kg8 31. Qh6 Bc6 0-1

[Event "Begonia op 46th"]
[Site "Ballarat"]
[Date "2012.03.11"]
[Round "4"]
[White "Barrow, Nigel"]
[Black "West, Guy"]
[Result "0-1"]
[WhiteElo "1984"]
[BlackElo "2317"]
[PlyCount "62"]
[EventDate "2012.03.10"]
[EventType "swiss"]
[EventRounds "7"]
[EventCountry "AUS"]
[SourceTitle "EXT 2019"]
[Source "ChessBase"]
[SourceDate "2018.10.10"]
[SourceVersion "1"]
[SourceVersionDate "2018.10.10"]
[SourceQuality "1"]

1. e4 d5 2. exd5 Nf6 3. d4 Bg4 4. Nf3 Qxd5 5. Be2 Nc6 6. c4 Qf5 7. Nc3 0-0-0 8. Be3 e5 9. d5 e4 10. Nd4 Nxd4 11. Bxd4 Be7 12. h3 Bxe2 13. Qxe2 c5 14. Be3 Rhe8 15. Qd2 a6 16. a3 Bd6 17. Rb1 Qg6 18. 0-0 Nh5 19. Na4 f5 20. f4 Qg3 21. Qf2 g5 22. Qxg3 Nxg3 23. Rfe1 b5 24. cxb5 axb5 25. Nxc5 gxf4 26. Bd4 Bxc5 27. Bxc5 Rxd5 28. Rbc1 Kb7 29. Bb4 Red8 30. Rc2 Rd1 31. Rc1 Rxc1 0-1

[Event "AUS-ch Reserves"]
[Site "Geelong"]
[Date "2012.01.07"]
[Round "10"]
[White "Barrow, Nigel"]
[Black "Vuglar, Shanon"]
[Result "1/2-1/2"]
[WhiteElo "2101"]
[BlackElo "1581"]
[PlyCount "147"]
[EventDate "2011.12.27"]
[EventType "swiss"]
[EventRounds "11"]
[EventCountry "AUS"]
[SourceTitle "EXT 2023"]
[Source "ChessBase"]
[SourceDate "2022.10.05"]
[SourceVersion "1"]
[SourceVersionDate "2022.10.05"]
[SourceQuality "1"]

1. e4 e5 2. Nc3 Nf6 3. f4 d5 4. fxe5 Nxe4 5. d3 Nxc3 6. bxc3 Nc6 7. Nf3 h6 8. d4 Be6 9. Bd3 Qd7 10. Rb1 Na5 11. 0-0 b6 12. a4 Be7 13. Qe1 0-0-0 14. Ba6+ Kb8 15. c4 Nxc4 16. a5 Qc6 17. Bb5 Qb7 18. axb6 cxb6 19. Nd2 a6 20. Ba4 b5 21. c3 Qc6 22. Bd1 Ka7 23. Ra1 Kb6 24. Nb3 Kc7 25. Qg3 g6 26. Rf2 Ra8 27. Rfa2 Ra7 28. Be2 Rha8 29. Bxh6 a5 30. Nd2 b4 31. cxb4 Bxb4 32. Nxc4 dxc4 33. Rc2 c3 34. Rac1 Kd7 35. Bf3 Bd5 36. Bg4+ Ke8 37. Bg5 a4 38. Qh3 Be6 39. Be3 Bxg4 40. Qxg4 Qd5 41. Re2 Ra6 42. Bg5 a3 43. Rce1 Re6 44. Qh4 a2 45. Ra1 Kd7 46. Qf4 f5 47. Qf2 Rea6 48. Qh4 Qg8 49. Qf2 Qc4 50. Be3 Ke6 51. Rc2 Qd3 52. Qe2 Qxe2 53. Rxe2 Kd5 54. Kf1 Be7 55. Ke1 Bd8 56. Kd1 Bb6 57. Kc2 Bxd4 58. Bxd4 Kxd4 59. e6 Re8 60. e7 Kc4 61. Re3 Ra3 62. g3 Kd4 63. Re6 g5 64. h4 gxh4 65. gxh4 Kd5 66. Re2 Kd6 67. Rd1+ Kc7 68. Ra1 f4 69. h5 f3 70. Ree1 f2 71. Rf1 Rxe7 72. Rxf2 Re6 73. Rh2 Rh6 74. Rh3 1/2-1/2

[Event "AUS-ch Reserves"]
[Site "Geelong"]
[Date "2011.12.30"]
[Round "4"]
[White "Gibson, Kyle"]
[Black "Barrow, Nigel"]
[Result "1-0"]
[WhiteElo "1644"]
[BlackElo "2101"]
[PlyCount "103"]
[EventDate "2011.12.27"]
[EventType "swiss"]
[EventRounds "11"]
[EventCountry "AUS"]
[SourceTitle "EXT 2023"]
[Source "ChessBase"]
[SourceDate "2022.10.05"]
[SourceVersion "1"]
[SourceVersionDate "2022.10.05"]
[SourceQuality "1"]

1. e4 e5 2. Bc4 Nf6 3. d3 Bc5 4. Nc3 Nc6 5. Nf3 d6 6. Bg5 h6 7. Bh4 g5 8. Bg3 Bg4 9. h3 Bh5 10. Bh2 g4 11. hxg4 Bxg4 12. Bg3 Bxf3 13. Qxf3 Nd4 14. Qd1 c6 15. Ne2 Ne6 16. c3 Qe7 17. Bh4 Rg8 18. Ng3 Rg6 19. Nf5 Qf8 20. Qb3 Nd8 21. d4 Bb6 22. Bxf6 Rxf6 23. dxe5 dxe5 24. f3 Ne6 25. 0-0-0 Rd8 26. Rxd8+ Kxd8 27. Rd1+ Kc7 28. Qc2 Ng7 29. Nxg7 Qxg7 30. Qd3 Qf8 31. Qd7+ Kb8 32. a3 Qc8 33. Qe7 Rg6 34. g4 Rg8 35. Bxf7 Rf8 36. Rd7 Be3+ 37. Kc2 Bf4 38. Rxb7+ Qxb7 39. Qxf8+ Kc7 40. Qe7+ Kb6 41. Qxb7+ Kxb7 42. b4 Kb6 43. Be8 c5 44. Kb3 Be3 45. Kc4 cxb4 46. axb4 a5 47. bxa5+ Kxa5 48. Kd5 Bf4 49. c4 Kb6 50. Kd6 Kb7 51. c5 Kc8 52. Bd7+ 1-0